[Event "Quebec-ch Elite"]
[Site "Montreal CAN"]
[Date "2011.10.09"]
[Round "5"]
[White "Cote-Lalumiere, Tristan"]
[Black "Drolet, Stephane"]
[Result "0-1"]
[WhiteElo "1894"]
[BlackElo "2187"]
[PlyCount "52"]
[GameId "2160767909648146"]
[EventDate "2011.10.07"]
[EventType "swiss"]
[EventRounds "7"]
[EventCountry "CAN"]
[SourceTitle "hb 2011"]

1. e4 c5 2. Nf3 e6 3. Nc3 Nc6 4. Be2 Nf6 5. O-O d5 6. exd5 Nxd5 7. Nxd5 Qxd5 8. b3 Be7 9. Bb2 Bf6 10. c3 b6 11. Bc4 Qd7 12. d4 cxd4 13. cxd4 Bb7 14. Qd2 O-O 15. Rad1 Na5 16. Bd3 Bxf3 17. gxf3 Rfd8 18. Rfe1 Qd6 19. Re4 Nc6 20. Rg4 g6 21. Bb1 Bg7 22. h4 h5 23. Rg3 Bxd4 24. Bxg6 Qxg3+ 25. Kh1 Qxh4+ 26. Kg2 fxg6 0-1

[Event "Quebec-ch Elite"]
[Site "Montreal CAN"]
[Date "2011.10.09"]
[Round "5"]
[White "Gagnon, Serge"]
[Black "Wu, Qiyou"]
[Result "0-1"]
[WhiteElo "2121"]
[BlackElo "1863"]
[PlyCount "74"]
[GameId "2160767909648147"]
[EventDate "2011.10.07"]
[EventType "swiss"]
[EventRounds "7"]
[EventCountry "CAN"]
[SourceTitle "hb 2011"]

1. d4 d5 2. c4 e6 3. Nc3 Nf6 4. Nf3 Be7 5. Bg5 Nbd7 6. e3 O-O 7. Rc1 a6 8. Qc2 dxc4 9. Bxc4 b5 10. Bd3 c5 11. Ne5 c4 12. Bxh7+ Nxh7 13. Nc6 Bxg5 14. Nxd8 Rxd8 15. Ne4 Be7 16. O-O Bb7 17. Ng3 Nhf6 18. f4 Nd5 19. Qe2 Nf8 20. f5 exf5 21. Nxf5 Bf6 22. b3 cxb3 23. axb3 b4 24. Qf2 Rd7 25. h4 Re8 26. g4 Nxe3 27. g5 Bxd4 28. Nxd4 Nxf1 29. Kxf1 Re4 30. Nf5 Ng6 31. Kg1 Rg4+ 32. Kh2 Rg2+ 33. Qxg2 Bxg2 34. Rc8+ Kh7 35. Kxg2 Rd5 36. Ne3 Rd3 37. Nc4 Nxh4+ 0-1

[Event "Quebec-ch Elite"]
[Site "Montreal CAN"]
[Date "2011.10.09"]
[Round "5"]
[White "Gueorguiev, Valentin"]
[Black "Abreu Cordero, Jose"]
[Result "1-0"]
[WhiteElo "1963"]
[BlackElo "2073"]
[PlyCount "98"]
[GameId "2160767909648148"]
[EventDate "2011.10.07"]
[EventType "swiss"]
[EventRounds "7"]
[EventCountry "CAN"]
[SourceTitle "EXT 2022"]
[Source "ChessBase"]
[SourceDate "2021.10.06"]
[SourceVersion "1"]
[SourceVersionDate "2021.10.06"]
[SourceQuality "1"]

1. Nf3 d5 2. g3 c5 3. Bg2 Nc6 4. O-O e5 5. d3 Nf6 6. Nbd2 Be7 7. Re1 Rb8 8. c4 d4 9. Ng5 O-O 10. Nge4 Be6 11. Nxf6+ Bxf6 12. Ne4 Be7 13. f4 f5 14. Nf2 Bf6 15. Bxc6 bxc6 16. b3 Re8 17. fxe5 Bxe5 18. Nh3 h6 19. Bf4 Qd6 20. Qd2 Bf7 21. Bxe5 Qxe5 22. Qf4 g5 23. Qxe5 Rxe5 24. Kf2 Rbe8 25. Rab1 a5 26. Rb2 Bh5 27. a3 Re3 28. Ng1 g4 29. b4 Rb8 30. b5 Re7 31. a4 Be8 32. e3 cxb5 33. axb5 dxe3+ 34. Rxe3 Kf7 35. Ne2 Rc7 36. Nf4 Re7 37. Rxe7+ Kxe7 38. Re2+ Kd7 39. Ke1 a4 40. Ra2 Ra8 41. Nd5 Kd6 42. Nb6 Ra5 43. Rxa4 Rxa4 44. Nxa4 h5 45. Kf2 f4 46. gxf4 h4 47. Nc3 Ke6 48. Ne4 Bh5 49. b6 Kd7 1-0

[Event "Quebec-ch Elite"]
[Site "Montreal CAN"]
[Date "2011.10.09"]
[Round "5"]
[White "Guo, Forest"]
[Black "Sprumont, Oscar"]
[Result "1/2-1/2"]
[WhiteElo "1917"]
[BlackElo "1676"]
[PlyCount "53"]
[GameId "2160767909648149"]
[EventDate "2011.10.07"]
[EventType "swiss"]
[EventRounds "7"]
[EventCountry "CAN"]
[SourceTitle "hb 2011"]

1. e4 e5 2. Nf3 Nc6 3. Bb5 a6 4. Ba4 Nf6 5. Qe2 d6 6. c3 Bd7 7. O-O Be7 8. d4 O-O 9. d5 Nb8 10. Bxd7 Nfxd7 11. Be3 f5 12. exf5 Rxf5 13. Nbd2 Nf6 14. c4 Ng4 15. Ne4 Nxe3 16. Qxe3 Nd7 17. b4 Qe8 18. Rfd1 Qg6 19. Rac1 Raf8 20. Nfd2 Bg5 21. Nxg5 Rxg5 22. g3 Rgf5 23. Ne4 Rf3 24. Qe2 R3f4 25. Re1 Nf6 26. Nxf6+ R8xf6 27. Rf1 1/2-1/2

[Event "Quebec-ch Elite"]
[Site "Montreal CAN"]
[Date "2011.10.09"]
[Round "5"]
[White "Lepine, Cedric"]
[Black "Auger, Bertrand"]
[Result "1/2-1/2"]
[WhiteElo "2098"]
[BlackElo "1931"]
[PlyCount "88"]
[GameId "2160767909648151"]
[EventDate "2011.10.07"]
[EventType "swiss"]
[EventRounds "7"]
[EventCountry "CAN"]
[SourceTitle "hb 2011"]

1. d4 Nf6 2. c4 e6 3. Nc3 Bb4 4. a3 Bxc3+ 5. bxc3 b6 6. e3 Bb7 7. f3 O-O 8. Bd3 d6 9. Ne2 c5 10. O-O Nc6 11. Ng3 Qc7 12. Bb2 Na5 13. Qe2 e5 14. e4 Ba6 15. Rac1 Rfe8 16. Nf5 Nd7 17. Ne3 Nf8 18. Nd5 Qd7 19. f4 exf4 20. Rxf4 Ng6 21. Rf2 Bb7 22. Rcf1 f6 23. Qh5 Re6 24. e5 dxe5 25. dxe5 Rxe5 26. Rf5 Rae8 27. Qg4 Bxd5 28. cxd5 c4 29. Rxe5 Nxe5 30. Qxd7 Nxd7 31. Bf5 Nc5 32. Bc1 g6 33. Bg4 f5 34. Bf3 Nab7 35. Bf4 Ne4 36. Bxe4 fxe4 37. Bc7 Nc5 38. Kf2 Rf8+ 39. Ke2 Rxf1 40. Kxf1 Kf7 41. Ke2 Ke7 42. Ke3 Kd7 43. Be5 b5 44. Kd4 Na4 1/2-1/2

[Event "Quebec-ch Elite"]
[Site "Montreal CAN"]
[Date "2011.10.09"]
[Round "5"]
[White "Lopez Linares, Lizandro"]
[Black "Chabot, Roland"]
[Result "1/2-1/2"]
[WhiteElo "2041"]
[BlackElo "2155"]
[PlyCount "108"]
[GameId "2160767909648152"]
[EventDate "2011.10.07"]
[EventType "swiss"]
[EventRounds "7"]
[EventCountry "CAN"]
[SourceTitle "EXT 2022"]
[Source "ChessBase"]
[SourceDate "2021.10.06"]
[SourceVersion "1"]
[SourceVersionDate "2021.10.06"]
[SourceQuality "1"]

1. d4 d6 2. Nf3 Nf6 3. c4 g6 4. Nc3 Bf5 5. g3 Ne4 6. Qb3 Nxc3 7. bxc3 Be4 8. Bh3 Bg7 9. O-O Bxf3 10. exf3 b6 11. Qa4+ c6 12. Re1 O-O 13. Bf4 Re8 14. Rad1 e6 15. c5 b5 16. Qc2 d5 17. a4 a6 18. Ra1 Nd7 19. Bd6 Qc8 20. f4 Qb7 21. Rab1 Qc8 22. Bf1 Qd8 23. Bd3 Nf6 24. Rb2 Qd7 25. Ra2 Rec8 26. Be5 Ne8 27. Bxg7 Kxg7 28. Rea1 Nc7 29. axb5 cxb5 30. Qe2 Qd8 31. h4 h5 32. Kg2 Qf6 33. Qe3 Rh8 34. Ra5 Rhb8 35. Rb1 Rc8 36. Rb4 Rh8 37. Kf1 Rhc8 38. Ke2 Kf8 39. Qe5 Qxe5+ 40. fxe5 Ke7 41. Ke3 Kf8 42. Kf4 Kg7 43. Rb1 Rh8 44. f3 Rhc8 45. Kg5 Rh8 46. g4 Rac8 47. Be2 Rb8 48. f4 hxg4 49. Bxg4 Kf8 50. Be2 Ke7 51. Bf3 Rhg8 52. Be2 Rh8 53. Rb4 Rhg8 54. Ra1 Rh8 1/2-1/2

[Event "Quebec-ch Elite"]
[Site "Montreal CAN"]
[Date "2011.10.09"]
[Round "5"]
[White "MacKinnon, Keith"]
[Black "Larochelle, Martial"]
[Result "1-0"]
[WhiteElo "2241"]
[BlackElo "2262"]
[PlyCount "69"]
[GameId "2160767909648153"]
[EventDate "2011.10.07"]
[EventType "swiss"]
[EventRounds "7"]
[EventCountry "CAN"]
[SourceTitle "hb 2011"]

1. e4 e5 2. Nf3 Nc6 3. d4 exd4 4. Nxd4 Nf6 5. Nxc6 bxc6 6. e5 Qe7 7. Qe2 Nd5 8. c4 Nb6 9. Nc3 Qe6 10. Qe4 g6 11. Bd3 Bg7 12. f4 d5 13. Qe2 O-O 14. b3 f6 15. Ba3 Re8 16. cxd5 cxd5 17. Nb5 Qd7 18. Rc1 c6 19. Nd6 Re6 20. O-O fxe5 21. Nxc8 Rxc8 22. f5 Rf6 23. Qxe5 Re8 24. Qf4 gxf5 25. Bxf5 Qf7 26. g4 Nd7 27. Rxc6 Ne5 28. Rc2 Qb7 29. Bb2 Nd3 30. Qa4 Rff8 31. Bxg7 Qxg7 32. Bxd3 Qe5 33. Qxa7 Rxf1+ 34. Kxf1 Re7 35. Qf2 1-0

[Event "Quebec-ch Elite"]
[Site "Montreal CAN"]
[Date "2011.10.09"]
[Round "5"]
[White "Nikulich, Oleksandr"]
[Black "Le Duin, Thierry"]
[Result "1/2-1/2"]
[WhiteElo "1899"]
[BlackElo "2011"]
[PlyCount "45"]
[GameId "2160767739316933"]
[EventDate "2011.10.07"]
[EventType "swiss"]
[EventRounds "7"]
[EventCountry "CAN"]
[SourceTitle "hb 2011"]

1. e4 d5 2. exd5 Nf6 3. d4 Bg4 4. Be2 Bxe2 5. Nxe2 Qxd5 6. O-O Nc6 7. Nbc3 Qh5 8. Ng3 Qg6 9. Nb5 O-O-O 10. c3 h5 11. f4 e6 12. Qf3 h4 13. Ne2 Rd5 14. a4 h3 15. g3 Qe4 16. Na3 Qxf3 17. Rxf3 Ng4 18. Nc4 Ne7 19. Ne5 Nh6 20. f5 Nexf5 21. Bxh6 Nxh6 22. Nxf7 Nxf7 23. Rxf7 {etc.} 1/2-1/2

[Event "Quebec-ch Elite"]
[Site "Montreal CAN"]
[Date "2011.10.09"]
[Round "5"]
[White "Pichette, Mickaelin"]
[Black "Seguin, Rene"]
[Result "0-1"]
[WhiteElo "1893"]
[BlackElo "1954"]
[PlyCount "116"]
[GameId "2160767909648154"]
[EventDate "2011.10.07"]
[EventType "swiss"]
[EventRounds "7"]
[EventCountry "CAN"]
[SourceTitle "hb 2011"]

1. d4 Nf6 2. c4 g6 3. Nc3 d5 4. Bg5 Ne4 5. Nxe4 dxe4 6. e3 Bg7 7. f3 c5 8. dxc5 Qa5+ 9. Kf2 Qxc5 10. h4 exf3 11. Nxf3 Bxb2 12. Rb1 Bg7 13. Rb5 Qa3 14. Qb1 Nc6 15. Rxb7 Bxb7 16. Qxb7 Qb2+ 17. Qxb2 Bxb2 18. Bd3 O-O 19. Be4 Rac8 20. h5 e6 21. Rb1 Bg7 22. h6 Bh8 23. c5 Ne5 24. Be7 Rfe8 25. Bd6 Nc4 26. Rb7 Nxd6 27. cxd6 Red8 28. d7 Rb8 29. Rxa7 Rb6 30. Bd3 Bf6 31. g4 Kf8 32. g5 Bc3 33. a4 Ke7 34. Bb5 Kd6 35. Ke2 f5 36. Kd3 Bb4 37. Nd4 e5 38. Nc2 Bc5 39. Kc4 Rxb5 40. Ra6+ Rb6 41. Ra5 Rc6 42. Nb4 Bxb4+ 43. Kxb4 Rxd7 44. Ra8 Rcc7 45. Kb5 Ra7 46. Rg8 Rdb7+ 47. Kc4 Rxa4+ 48. Kd3 Raa7 49. Ke2 Rf7 50. Kf3 f4 51. e4 Ra3+ 52. Kg4 Rg3+ 53. Kh4 Ra3 54. Rd8+ Ke7 55. Rd1 f3 56. Kg3 f2+ 57. Kh2 Ra4 58. Rf1 Rxe4 0-1

[Event "Quebec-ch Elite"]
[Site "Montreal CAN"]
[Date "2011.10.09"]
[Round "5"]
[White "Qin, Zi Yi (Joey)"]
[Black "Jiang, Louie"]
[Result "0-1"]
[WhiteElo "2245"]
[BlackElo "2351"]
[PlyCount "70"]
[GameId "2160767909648155"]
[EventDate "2011.10.07"]
[EventType "swiss"]
[EventRounds "7"]
[EventCountry "CAN"]
[SourceTitle "hb 2011"]

1. e4 c5 2. Nf3 a6 3. c3 d5 4. exd5 Nf6 5. d4 cxd4 6. cxd4 Nxd5 7. Nc3 Nc6 8. Bc4 Be6 9. Bb3 Nxc3 10. bxc3 Bxb3 11. axb3 e6 12. O-O Be7 13. Bf4 O-O 14. Ne5 Rc8 15. Qf3 Nxe5 16. Bxe5 Qb6 17. Rab1 Rfd8 18. Rfd1 Bd6 19. Bxd6 Qxd6 20. h3 b5 21. Rbc1 Qa3 22. Rb1 h6 23. Kh2 Rc7 24. Rdc1 Rdc8 25. Qg3 Qa2 26. Qf3 Rxc3 27. Rxc3 Rxc3 28. Qxc3 Qxb1 29. b4 Kh7 30. Qa3 Qe1 31. Qf3 Qxb4 32. Qxf7 Qd6+ 33. Kh1 b4 34. h4 Qd5 35. h5 Qf5 0-1

[Event "Quebec-ch Elite"]
[Site "Montreal CAN"]
[Date "2011.10.09"]
[Round "5"]
[White "Robichaud, Louis"]
[Black "Libersan, Thierry"]
[Result "0-1"]
[WhiteElo "2157"]
[BlackElo "2119"]
[PlyCount "66"]
[GameId "2160767909648156"]
[EventDate "2011.10.07"]
[EventType "swiss"]
[EventRounds "7"]
[EventCountry "CAN"]
[SourceTitle "EXT 2022"]
[Source "ChessBase"]
[SourceDate "2021.10.06"]
[SourceVersion "1"]
[SourceVersionDate "2021.10.06"]
[SourceQuality "1"]

1. e4 c5 2. Nc3 e6 3. Nf3 Nc6 4. g3 Nge7 5. Bg2 Nd4 6. O-O g6 7. d3 Bg7 8. Be3 O-O 9. Qd2 b6 10. Bxd4 cxd4 11. Nb5 Nc6 12. c3 dxc3 13. bxc3 d6 14. e5 dxe5 15. a4 Bb7 16. Rfe1 Qd7 17. Rad1 Rfd8 18. Qa2 h6 19. Na3 Qc7 20. Nb5 Qe7 21. h4 Rd7 22. h5 g5 23. Nh2 Rad8 24. Be4 Na5 25. Bxb7 Rxb7 26. Ng4 Qc5 27. d4 exd4 28. Rxe6 fxe6 29. Qxe6+ Kh8 30. Nxh6 Qe7 31. Qxe7 Rxe7 32. Nf5 Red7 33. h6 Bf6 0-1

[Event "Quebec-ch Elite"]
[Site "Montreal CAN"]
[Date "2011.10.09"]
[Round "5"]
[White "Zhu, Hong Rui"]
[Black "Gulko, Andrei"]
[Result "0-1"]
[WhiteElo "2101"]
[BlackElo "2162"]
[PlyCount "140"]
[GameId "2160767909648158"]
[EventDate "2011.10.07"]
[EventType "swiss"]
[EventRounds "7"]
[EventCountry "CAN"]
[SourceTitle "hb 2011"]

1. e4 e5 2. Nf3 Nf6 3. Nxe5 d6 4. Nf3 Nxe4 5. Nc3 Nxc3 6. dxc3 Be7 7. Be3 Nc6 8. Qd2 Be6 9. Bd3 Qd7 10. a3 a6 11. h3 Ne5 12. Be2 Bf6 13. Nxe5 dxe5 14. O-O-O O-O-O 15. Qxd7+ Rxd7 16. Rxd7 Kxd7 17. Rd1+ Kc8 18. Bd3 h5 19. Rf1 g5 20. Re1 g4 21. hxg4 hxg4 22. c4 Bg7 23. c3 f5 24. g3 Bd7 25. Kc2 Rh2 26. Rf1 f4 27. gxf4 Bh6 28. Kb3 exf4 29. Bd4 Be6 30. Be4 Bf8 31. Bd5 Bd7 32. c5 c6 33. Be4 Be6+ 34. Ka4 Be7 35. b3 Bh4 36. c4 Kd7 37. Kb4 Ke7 38. Ka5 Kd7 39. Kb4 Ke8 40. Ka5 Bd8+ 41. Kb4 Kf7 42. Be5 Bg5 43. Ka5 Bd8+ 44. Kb4 Bg5 45. Ka5 Rh3 46. Ka4 Rh4 47. Bd6 Be7 48. Bg6+ Kxg6 49. Bxe7 Rh3 50. Bd6 Rf3 51. Be5 Kf5 52. Bd4 Ke4 53. Bb2 Kd3 54. Re1 Rxf2 55. Rxe6 Rxb2 56. b4 f3 57. b5 axb5+ 58. cxb5 cxb5+ 59. Ka5 f2 60. Rf6 g3 61. Kb6 g2 62. Kxb7 g1=Q 63. c6 Rc2 64. c7 Rxc7+ 65. Kxc7 Qg7+ 66. Kb6 Qxf6+ 67. Kxb5 f1=Q 68. a4 Qb1+ 69. Kc5 Qbb6+ 70. Kd5 Qf5# 0-1

[Event "Quebec-ch Elite"]
[Site "Montreal CAN"]
[Date "2011.10.10"]
[Round "6"]
[White "Chabot, Roland"]
[Black "Cossette, Daniel"]
[Result "0-1"]
[WhiteElo "2155"]
[BlackElo "2155"]
[PlyCount "105"]
[GameId "2160767909648159"]
[EventDate "2011.10.07"]
[EventType "swiss"]
[EventRounds "7"]
[EventCountry "CAN"]
[SourceTitle "hb 2011"]

1. d4 d5 2. c4 e6 3. Nf3 c5 4. cxd5 exd5 5. g3 Nc6 6. Bg2 Nf6 7. O-O Be7 8. Nc3 O-O 9. Bg5 c4 10. Ne5 Be6 11. Nxc6 bxc6 12. b3 Qa5 13. Qd2 Bb4 14. Bxf6 gxf6 15. Rfc1 Ba3 16. Rc2 Bb4 17. bxc4 dxc4 18. Bxc6 Rad8 19. Bg2 Rd6 20. e4 Ra6 21. d5 Rd8 22. Qe3 Bd7 23. h4 Qc7 24. Rb1 Bc5 25. Qf3 Qe5 26. Ne2 Ra3 27. Qf4 Bb6 28. Qxe5 fxe5 29. Kf1 Bc8 30. Nc3 Ba6 31. Bh3 Ra5 32. Bf5 Bd4 33. g4 Kg7 34. Kg2 Rd6 35. g5 Rb6 36. Rxb6 Bxb6 37. Ne2 f6 38. gxf6+ Kxf6 39. Bxh7 Bd4 40. Bf5 Ra3 41. f3 c3 42. Nc1 Bb5 43. Kg3 Ba4 44. Re2 Bd1 45. Re1 c2 46. d6 Bxf3 47. Kh2 Bd1 48. d7 Ke7 49. Rf1 Rf3 50. Rxf3 Bxf3 51. Kg3 Bd1 52. Nb3 Bc3 53. Na5 0-1

[Event "Quebec-ch Elite"]
[Site "Montreal CAN"]
[Date "2011.10.10"]
[Round "6"]
[White "Gauthier, Denis"]
[Black "Gagnon, Serge"]
[Result "0-1"]
[WhiteElo "1974"]
[BlackElo "2121"]
[PlyCount "134"]
[GameId "2160767909648161"]
[EventDate "2011.10.07"]
[EventType "swiss"]
[EventRounds "7"]
[EventCountry "CAN"]
[SourceTitle "hb 2011"]

1. d4 d6 2. c4 e5 3. Nf3 e4 4. Ng5 f5 5. h4 Be7 6. Bf4 h6 7. Nh3 Bxh4 8. e3 h5 9. Be2 g6 10. Nc3 Nh6 11. Qb3 c6 12. O-O-O Nf7 13. f3 exf3 14. gxf3 Qe7 15. e4 g5 16. Bd2 f4 17. Bd3 Nd7 18. Ne2 Nf8 19. Bb4 Rh6 20. e5 Bxh3 21. Rxh3 g4 22. exd6 Nxd6 23. Rhh1 gxf3 24. Nxf4 O-O-O 25. Bf5+ Kb8 26. Qxf3 Bg5 27. Kb1 Qf7 28. Bxd6+ Rhxd6 29. Nxh5 Qxc4 30. Qg3 Be7 31. Qe5 Qd5 32. Qf4 Ne6 33. Qg4 Nxd4 34. Be4 Qe6 35. Qxe6 Nxe6 36. Rxd6 Bxd6 37. Nf6 Nc5 38. Bc2 Kc7 39. Ne4 Na6 40. Nxd6 Rxd6 41. Rh7+ Kb6 42. Rg7 Nb4 43. a3 Nd5 44. Rh7 a5 45. b3 Rf6 46. Rh2 Kc5 47. Kb2 b5 48. Rd2 Rf4 49. Rh2 Ne3 50. Re2 Nd5 51. Rh2 Rd4 52. Rf2 a4 53. bxa4 bxa4 54. Rh2 Rf4 55. Rd2 Ne3 56. Rh2 Nc4+ 57. Ka2 Rf3 58. Rh5+ Kb6 59. Rh4 Rxa3+ 60. Kb1 Kc5 61. Rh8 Kb4 62. Rh4 c5 63. Rg4 Rc3 64. Bd1 Ka3 65. Rg2 Kb4 66. Rg4 a3 67. Be2 a2+ 0-1

[Event "Quebec-ch Elite"]
[Site "Montreal CAN"]
[Date "2011.10.10"]
[Round "6"]
[White "Gueorguiev, Valentin"]
[Black "Robichaud, Louis"]
[Result "1/2-1/2"]
[WhiteElo "1973"]
[BlackElo "2157"]
[PlyCount "86"]
[GameId "2160767909648162"]
[EventDate "2011.10.07"]
[EventType "swiss"]
[EventRounds "7"]
[EventCountry "CAN"]
[SourceTitle "EXT 2022"]
[Source "ChessBase"]
[SourceDate "2021.10.06"]
[SourceVersion "1"]
[SourceVersionDate "2021.10.06"]
[SourceQuality "1"]

1. Nf3 Nf6 2. c4 g6 3. g3 Bg7 4. Bg2 O-O 5. Nc3 d6 6. O-O e5 7. d3 Nc6 8. Rb1 h6 9. b4 Be6 10. b5 Ne7 11. Nd2 d5 12. Ba3 Re8 13. h3 Qd7 14. Kh2 Rad8 15. Bxe7 Qxe7 16. cxd5 Nxd5 17. Nxd5 Bxd5 18. Bxd5 Rxd5 19. Qa4 f5 20. e4 Rd7 21. exf5 gxf5 22. Nf3 Bf6 23. Rbe1 Red8 24. Nxe5 Bxe5 25. f4 Rxd3 26. Rxe5 Qg7 27. Qc4+ Kh7 28. Rg1 Rd2+ 29. Re2 R8d4 30. Qe6 Rxe2+ 31. Qxe2 Qd7 32. Rg2 Rb4 33. Qe3 Re4 34. Qc3 Qe7 35. Qc2 h5 36. h4 Kh6 37. a4 b6 38. Rd2 Kg6 39. Qa2 Qe6 40. Qc2 Qc4 41. Qb2 Qb4 42. Qa2 Qc4 43. Qb2 Qb4 1/2-1/2

[Event "Quebec-ch Elite"]
[Site "Montreal CAN"]
[Date "2011.10.10"]
[Round "6"]
[White "Gulko, Andrei"]
[Black "Lopez Linares, Lizandro"]
[Result "1/2-1/2"]
[WhiteElo "2162"]
[BlackElo "2041"]
[PlyCount "58"]
[GameId "2160767909648163"]
[EventDate "2011.10.07"]
[EventType "swiss"]
[EventRounds "7"]
[EventCountry "CAN"]
[SourceTitle "EXT 2022"]
[Source "ChessBase"]
[SourceDate "2021.10.06"]
[SourceVersion "1"]
[SourceVersionDate "2021.10.06"]
[SourceQuality "1"]

1. d4 c5 2. e3 Nf6 3. Nf3 g6 4. b3 Bg7 5. Bb2 O-O 6. Be2 b6 7. c4 cxd4 8. Qxd4 Nc6 9. Qd2 d5 10. cxd5 Ne4 11. Qc1 Bxb2 12. Qxb2 Qxd5 13. O-O Bb7 14. Nc3 Nxc3 15. Qxc3 Rfd8 16. Rfd1 Qe6 17. Bc4 Qf6 18. Qxf6 exf6 19. Bd5 Na5 20. Bxb7 Nxb7 21. Kf1 Rac8 22. Rxd8+ Nxd8 23. Rd1 Ne6 24. Rd7 Rc1+ 25. Ke2 Rc2+ 26. Rd2 Rc7 27. Nd4 Nxd4+ 28. exd4 Kf8 29. Kd3 Ke7 1/2-1/2

[Event "Quebec-ch Elite"]
[Site "Montreal CAN"]
[Date "2011.10.10"]
[Round "6"]
[White "Guo, Forest"]
[Black "Auger, Bertrand"]
[Result "1/2-1/2"]
[WhiteElo "1917"]
[BlackElo "1931"]
[PlyCount "65"]
[GameId "2160767909648164"]
[EventDate "2011.10.07"]
[EventType "swiss"]
[EventRounds "7"]
[EventCountry "CAN"]
[SourceTitle "hb 2011"]

1. c4 Nf6 2. Nc3 c5 3. g3 g6 4. Bg2 Bg7 5. Nf3 Nc6 6. O-O d5 7. cxd5 Nxd5 8. Nxd5 Qxd5 9. d3 Qd7 10. Qc2 b6 11. Bd2 Bb7 12. Rac1 O-O 13. Qb1 Rfd8 14. Rc2 a5 15. b3 Nb4 16. Rcc1 Nd5 17. a4 e5 18. Ne1 Re8 19. Nc2 Rad8 20. Na3 h6 21. Nb5 f5 22. Rc4 g5 23. Rfc1 Bf6 24. e3 Kg7 25. d4 exd4 26. exd4 Re2 27. Qd3 Qe7 28. Bf3 Re4 29. Bxe4 fxe4 30. Qe2 e3 31. fxe3 Bxd4 32. Nxd4 cxd4 33. Rxd4 1/2-1/2

[Event "Quebec-ch Elite"]
[Site "Montreal CAN"]
[Date "2011.10.10"]
[Round "6"]
[White "Libersan, Thierry"]
[Black "Qin, Zi Yi (Joey)"]
[Result "0-1"]
[WhiteElo "2119"]
[BlackElo "2245"]
[PlyCount "64"]
[GameId "2160767909648168"]
[EventDate "2011.10.07"]
[EventType "swiss"]
[EventRounds "7"]
[EventCountry "CAN"]
[SourceTitle "hb 2011"]

1. e4 c5 2. Nf3 d6 3. d4 cxd4 4. Qxd4 a6 5. c4 Nc6 6. Qd2 g6 7. b3 Nf6 8. Nc3 Bg4 9. Nd4 Bg7 10. Nxc6 bxc6 11. Bb2 O-O 12. Be2 Bd7 13. O-O Qb6 14. Bf3 Rab8 15. Na4 Qc7 16. c5 Rfd8 17. Bc3 Rb5 18. Rfd1 d5 19. exd5 cxd5 20. Rac1 e5 21. Qe1 d4 22. Bd2 e4 23. Bxe4 Re8 24. f3 Nxe4 25. fxe4 f5 26. c6 Bc8 27. Qf1 Be5 28. g3 fxe4 29. Nc5 e3 30. Qc4+ Kh8 31. Be1 Qxc6 32. Rxd4 Rxc5 0-1

[Event "Quebec-ch Elite"]
[Site "Montreal CAN"]
[Date "2011.10.10"]
[Round "6"]
[White "Nikulich, Oleksandr"]
[Black "Pichette, Mickaelin"]
[Result "0-1"]
[WhiteElo "1899"]
[BlackElo "1893"]
[PlyCount "93"]
[GameId "2160767909648169"]
[EventDate "2011.10.07"]
[EventType "swiss"]
[EventRounds "7"]
[EventCountry "CAN"]
[SourceTitle "hb 2011"]

1. e4 c5 2. Nf3 e6 3. d3 d5 4. exd5 exd5 5. d4 Nf6 6. Be2 cxd4 7. Nxd4 Bc5 8. O-O O-O 9. Nb3 Bb6 10. N1d2 a5 11. Nf3 a4 12. Nbd4 Ne4 13. Be3 f5 14. c4 f4 15. Bd2 Nc6 16. Nxc6 bxc6 17. cxd5 cxd5 18. Bb4 Rf6 19. Nd4 g5 20. Rc1 Bb7 21. Bg4 Qe8 22. Bf5 Qe5 23. Bxe4 dxe4 24. Ne2 e3 25. f3 g4 26. Bc3 Qg5 27. Bxf6 Qxf6 28. Qd7 Qg7 29. Qxg7+ Kxg7 30. Rfd1 gxf3 31. gxf3 Bxf3 32. Kf1 Rf8 33. Rd7+ Kg8 34. Nd4 Bg4 35. Rd5 h5 36. Rg5+ Kh7 37. Rd5 Bxd4 38. Rxd4 f3 39. Re4 Bh3+ 40. Ke1 Rc8 41. Rxc8 f2+ 42. Ke2 f1=Q+ 43. Kxe3 Bxc8 44. Rd4 Qg1+ 45. Kd3 Qxh2 46. Rxa4 Bf5+ 47. Kc3 0-1

[Event "Quebec-ch Elite"]
[Site "Montreal CAN"]
[Date "2011.10.10"]
[Round "6"]
[White "Seguin, Rene"]
[Black "Zhu, Hong Rui"]
[Result "0-1"]
[WhiteElo "1954"]
[BlackElo "2101"]
[PlyCount "52"]
[GameId "2160767909648170"]
[EventDate "2011.10.07"]
[EventType "swiss"]
[EventRounds "7"]
[EventCountry "CAN"]
[SourceTitle "hb 2011"]

1. c4 c5 2. g3 Nc6 3. Bg2 g6 4. Nc3 Bg7 5. a3 e5 6. e3 d6 7. Nge2 Nge7 8. O-O O-O 9. Rb1 a5 10. d3 Rb8 11. h3 Be6 12. Nd5 Kh8 13. Nec3 f5 14. f4 Bg8 15. Bd2 Re8 16. b4 axb4 17. axb4 Nxd5 18. Nxd5 Bxd5 19. Bxd5 exf4 20. exf4 cxb4 21. Re1 Qb6+ 22. Kg2 Qc5 23. Qf3 Nd4 24. Qf2 Nc2 25. Re2 b6 26. Rb3 Rxe2 0-1

[Event "Quebec-ch Elite"]
[Site "Montreal CAN"]
[Date "2011.10.10"]
[Round "6"]
[White "Sprumont, Oscar"]
[Black "Cote-Lalumiere, Tristan"]
[Result "1/2-1/2"]
[WhiteElo "1676"]
[BlackElo "1894"]
[PlyCount "39"]
[GameId "2160767909648171"]
[EventDate "2011.10.07"]
[EventType "swiss"]
[EventRounds "7"]
[EventCountry "CAN"]
[SourceTitle "hb 2011"]

1. e4 c5 2. Nc3 d6 3. g3 g6 4. Bg2 e5 5. d3 Bg7 6. f4 Ne7 7. Nf3 Nbc6 8. O-O Be6 9. Ng5 Qd7 10. Nxe6 Qxe6 11. f5 Qf6 12. h4 h6 13. Nb5 O-O-O 14. Qg4 gxf5 15. exf5 h5 16. Qf3 Bh6 17. Bxh6 Rxh6 18. Nxa7+ Kb8 19. Nxc6+ Nxc6 20. c3 1/2-1/2

[Event "Quebec-ch Elite"]
[Site "Montreal CAN"]
[Date "2011.10.10"]
[Round "6"]
[White "Wu, Qiyou"]
[Black "Larochelle, Martial"]
[Result "0-1"]
[WhiteElo "1863"]
[BlackElo "2262"]
[PlyCount "84"]
[GameId "2160767909648172"]
[EventDate "2011.10.07"]
[EventType "swiss"]
[EventRounds "7"]
[EventCountry "CAN"]
[SourceTitle "hb 2011"]

1. e4 c5 2. Nf3 d6 3. Bb5+ Nd7 4. O-O Ngf6 5. Re1 a6 6. Bf1 e6 7. c4 Ne5 8. Nc3 Be7 9. h3 O-O 10. d3 Bd7 11. a4 b6 12. Be3 Qc7 13. b3 Bc6 14. Rc1 Nxf3+ 15. Qxf3 Qb7 16. Bg5 Nxe4 17. dxe4 Bxg5 18. Rcd1 Rfd8 19. Qg3 Bf6 20. Re3 Be5 21. Qg5 h6 22. Qg4 Bxc3 23. Rxc3 Bxe4 24. Rg3 g6 25. Qf4 Kg7 26. Bd3 d5 27. Qe5+ Kg8 28. Bxe4 dxe4 29. Re1 Rd4 30. h4 Qb8 31. Qf6 Qd8 32. Rxg6+ fxg6 33. Qxg6+ Kf8 34. Qxh6+ Ke7 35. Qg7+ Kd6 36. b4 Qe7 37. bxc5+ bxc5 38. Qg3+ Kc6 39. Qe5 Qd6 40. Qg7 Qf8 41. Qh7 Qf5 42. Qe7 Rd7 0-1

[Event "Quebec-ch Elite"]
[Site "Montreal CAN"]
[Date "2011.10.10"]
[Round "7"]
[White "Cossette, Daniel"]
[Black "Jiang, Louie"]
[Result "0-1"]
[WhiteElo "2031"]
[BlackElo "2351"]
[PlyCount "92"]
[GameId "2160767909648174"]
[EventDate "2011.10.07"]
[EventType "swiss"]
[EventRounds "7"]
[EventCountry "CAN"]
[SourceTitle "hb 2011"]

1. e4 c5 2. Nc3 a6 3. a3 Nc6 4. g3 b5 5. Bg2 Bb7 6. d3 d6 7. f4 Nf6 8. Nf3 e6 9. O-O Be7 10. h3 Qc7 11. Be3 Nd7 12. Qd2 Nb6 13. Rae1 Rc8 14. Qf2 Nd7 15. g4 b4 16. axb4 cxb4 17. Ne2 a5 18. d4 Nd8 19. Ng3 Qxc2 20. Rc1 Qxf2+ 21. Kxf2 Nf6 22. Rxc8 Bxc8 23. g5 Ng8 24. Ra1 Nb7 25. Nd2 Bd8 26. d5 h6 27. h4 hxg5 28. hxg5 exd5 29. e5 dxe5 30. Bxd5 Ne7 31. Bg2 exf4 32. Bxf4 Bb6+ 33. Be3 Bxe3+ 34. Kxe3 Rh2 35. Bf3 Nd6 36. Nge4 Ndf5+ 37. Kd3 Ba6+ 38. Nc4 Nc6 39. Ned6+ Nxd6 40. Bxc6+ Kf8 41. b3 Rh3+ 42. Kd4 Rh4+ 43. Kd5 Nxc4 44. bxc4 Bxc4+ 45. Kc5 Rg4 46. Re1 Be6 0-1